LEADER 00993nam0-22003011i-450- 001 990007701540403321 035 $a000770154 035 $aFED01000770154 035 $a(Aleph)000770154FED01 035 $a000770154 100 $a20021010d--------km-y0itay50------ba 101 0 $aita 200 1 $aAppunti di istituzioni di diritto privato dalle lezioni del prof. Giuseppe Mirabelli$eraccolte da C. Crialese e G.De Roberto$fGiuseppe Mirabelli 210 $aRoma$cBulzoni$d1968 215 $a258+9 p.$d24 cm 225 1 $aUniversità degli Studi di Roma. Facoltà di Scienze Politiche$v 676 $a346 700 1$aMirabelli,$bGiuseppe$0227247 702 1$aCrialese,$bC. 702 1$aDe Roberto,$bG. 801 0$aIT$bUNINA$gRICA$2UNIMARC 901 $aBK 912 $a990007701540403321 952 $a19-L-73$b3410$fDDCP 959 $aDDCP 996 $aAppunti di istituzioni di diritto privato dalle lezioni del prof. Giuseppe Mirabelli$9681565 997 $aUNINA DB $aGEN01